[Event "ODEM U25B 2012"]
[Site "Oberhof GER"]
[Date "2012.05.27"]
[Round "1"]
[White "Janke, Christopher"]
[Black "Dopmann, Sina"]
[Result "1-0"]
[Termination "normal"]
[Board "1"]
[WhiteElo "1589"]
[BlackElo "1158"]
[PlyCount "29"]
[EventCountry "GER"]
[EventRounds "9"]
[EventType "swiss"]
[EventDate "2012.05.26"]

1. e4 e5 2. f4 d6 3. Nf3 Nd7 4. Bc4 Be7 5. O-O c6 6. Ng5 Bxg5 7. fxg5 f6 8. c3
Ne7 9. d4 d5 10. exd5 cxd5 11. gxf6 dxc4 12. fxe7 Qxe7 13. dxe5 Nxe5 14. Re1
O-O 15. Qd5+ 1-0

[Event "ODEM U25B 2012"]
[Site "Oberhof GER"]
[Date "2012.05.27"]
[Round "1"]
[White "Herrmann, Heribert"]
[Black "Hoffmann, Rasmus"]
[Result "1-0"]
[Termination "normal"]
[Board "3"]
[WhiteElo "1534"]
[BlackElo "1151"]
[PlyCount "107"]
[WhiteFideId "12971715"]
[EventCountry "GER"]
[EventRounds "9"]
[EventType "swiss"]
[EventDate "2012.05.26"]

1. c4 c5 2. g3 d6 3. Bg2 Nf6 4. Nc3 a6 5. e4 e5 6. Nge2 Be7 7. O-O O-O 8. d3
Bd7 9. f4 b5 10. b3 bxc4 11. bxc4 Nc6 12. Rb1 Bg4 13. h3 Bxe2 14. Nxe2 Nd4 15.
Nxd4 cxd4 16. fxe5 dxe5 17. Rb7 Nd7 18. Qg4 Nc5 19. Bh6 g6 20. Bxf8 Nxb7 21.
Rb1 Nc5 22. Bxe7 Qxe7 23. Qe2 Kg7 24. Qd2 Rc8 25. Qb4 Rc7 26. Qa3 Qg5 27. Qa5
Rc6 28. Rb6 Rxb6 29. Qxb6 Qc1+ 30. Kh2 Qa3 31. Qd6 Kg8 32. Qb8+ Kg7 33. Qxe5+
Kg8 34. Qxd4 Nxd3 35. e5 Ne1 36. Qf2 Nd3 37. Qe3 Qc3 38. c5 Qc4 39. c6 Nc5 40.
a4 Ne6 41. Qb6 Qxa4 42. c7 Nxc7 43. Qxc7 Qa2 44. Qc8+ Kg7 45. Qc3 Kf8 46. g4 a5
47. Kg3 a4 48. Qc5+ Kg7 49. Bd5 Qa1 50. Qe3 a3 51. Kh4 a2 52. Qf2 g5+ 53. Kh5
Qxe5 54. Qxf7+ 1-0

[Event "ODEM U25B 2012"]
[Site "Oberhof GER"]
[Date "2012.05.27"]
[Round "1"]
[White "Riehle, Fabio"]
[Black "Siegl, Adrian"]
[Result "0-1"]
[Termination "normal"]
[Board "4"]
[WhiteElo "1129"]
[BlackElo "1712"]
[PlyCount "68"]
[WhiteFideId "36052140"]
[BlackFideId "12930156"]
[EventCountry "GER"]
[EventRounds "9"]
[EventType "swiss"]
[EventDate "2012.05.26"]

1. e4 c5 2. Nf3 Nc6 3. Bc4 e6 4. d4 cxd4 5. Nxd4 Nf6 6. Bg5 h6 7. Nxc6 bxc6 8.
Bxf6 Qxf6 9. Nc3 Bb4 10. Qd3 Bxc3+ 11. Qxc3 Qxc3+ 12. bxc3 Rb8 13. O-O d5 14.
exd5 cxd5 15. Bb3 O-O 16. c4 Ba6 17. Rab1 Bxc4 18. Bxc4 dxc4 19. Rxb8 Rxb8 20.
h3 Rb2 21. Rd1 Rxc2 22. Rd8+ Kh7 23. Rd7 Rxa2 24. Rxf7 c3 25. Kh2 c2 26. Rc7 a5
27. Rc3 a4 28. Rc4 a3 29. Rc3 Rb2 30. Rxa3 c1=Q 31. h4 Rxf2 32. h5 Qxa3 33. Kg1
Qg3 34. Kh1 Rf1# 0-1

[Event "ODEM U25B 2012"]
[Site "Oberhof GER"]
[Date "2012.05.27"]
[Round "1"]
[White "Pixa, Ulrich"]
[Black "Häusler, Luis"]
[Result "1-0"]
[Termination "normal"]
[Board "5"]
[WhiteElo "1501"]
[BlackElo "1124"]
[PlyCount "97"]
[WhiteFideId "4697723"]
[BlackFideId "12942928"]
[EventCountry "GER"]
[EventRounds "9"]
[EventType "swiss"]
[EventDate "2012.05.26"]

1. e4 c5 2. Nf3 d6 3. d4 cxd4 4. Nxd4 Nf6 5. Nc3 g6 6. f3 Bg7 7. Be3 O-O 8. Qd2
Nc6 9. Bc4 Bd7 10. g4 Ne5 11. Be2 Qa5 12. Nb3 Qc7 13. h4 Rfc8 14. O-O-O a6 15.
h5 b5 16. a3 Rab8 17. Bd4 Rd8 18. h6 Bh8 19. g5 Nh5 20. Nd5 Qb7 21. Nxe7+ Kf8
22. Nd5 Be6 23. Na5 Qd7 24. f4 Bxd5 25. exd5 Ng3 26. Rhg1 Ne4 27. Qe3 Qc7 28.
fxe5 dxe5 29. Nc6 Rdc8 30. Bc5+ Nd6 31. Bg4 Ra8 32. Bb6 Qb7 33. Bxc8 Rxc8 34.
Bc5 Qd7 35. Rde1 Kg8 36. Nxe5 Qc7 37. Nc6 Kf8 38. Qf4 Qd7 39. Bxd6+ Kg8 40.
Ne7+ Kf8 41. Nxc8+ Kg8 42. Re7 Qxe7 43. Nxe7+ Kf8 44. Rf1 Ke8 45. Nc6 Kd7 46.
Bc5 Kc8 47. Bb6 Kd7 48. Qc7+ Ke8 49. Qd8# 1-0

[Event "ODEM U25B 2012"]
[Site "Oberhof GER"]
[Date "2012.05.27"]
[Round "1"]
[White "Stockter, Jasper Enno"]
[Black "Petersen, Marcel"]
[Result "1/2-1/2"]
[Termination "normal"]
[Board "6"]
[WhiteElo "1107"]
[BlackElo "1582"]
[PlyCount "71"]
[WhiteFideId "12957291"]
[BlackFideId "12935670"]
[EventCountry "GER"]
[EventRounds "9"]
[EventType "swiss"]
[EventDate "2012.05.26"]

1. e4 e5 2. Nf3 Nc6 3. d4 exd4 4. Nxd4 Bc5 5. Be3 Bb6 6. Nxc6 bxc6 7. Bxb6 cxb6
8. Nc3 Qe7 9. Qd4 Qf6 10. Qxf6 Nxf6 11. Bd3 O-O 12. O-O Bb7 13. Rfe1 Rfe8 14.
Rad1 d5 15. exd5 Nxd5 16. Nxd5 cxd5 17. Bb5 Re6 18. c3 a6 19. Bd7 Rxe1+ 20.
Rxe1 Rd8 21. Re8+ Rxe8 22. Bxe8 Kf8 23. Ba4 Ke7 24. Bc2 h6 25. f3 Ke6 26. Kf2
f5 27. Ke3 Ke5 28. f4+ Ke6 29. g3 a5 30. Bd3 Bc6 31. b3 g6 32. h4 a4 33. Kd4 h5
34. Be2 Kd6 35. Bd3 b5 36. Be2 1/2-1/2

[Event "ODEM U25B 2012"]
[Site "Oberhof GER"]
[Date "2012.05.27"]
[Round "1"]
[White "Denkert, Robert"]
[Black "Huruglica, Emre"]
[Result "1-0"]
[Termination "normal"]
[Board "7"]
[WhiteElo "1491"]
[BlackElo "1103"]
[PlyCount "103"]
[WhiteFideId "12957216"]
[EventCountry "GER"]
[EventRounds "9"]
[EventType "swiss"]
[EventDate "2012.05.26"]

1. e4 d5 2. exd5 Nf6 3. Nc3 Nxd5 4. Nxd5 Qxd5 5. d4 e5 6. Be3 Nc6 7. dxe5 Qxe5
8. c3 Bc5 9. Nf3 Qe7 10. Qe2 Bxe3 11. Qxe3 Qxe3+ 12. fxe3 Bf5 13. Nd4 Nxd4 14.
exd4 O-O 15. O-O-O Rfe8 16. Bc4 Be6 17. d5 Bf5 18. Rhf1 g6 19. Rd4 Re4 20. Rxe4
Bxe4 21. d6 Bf5 22. dxc7 Rc8 23. g4 Be6 24. Bxe6 fxe6 25. Rf6 Rxc7 26. Rxe6 Kf7
27. Re4 Rd7 28. Rd4 Re7 29. Kd2 Kf6 30. h4 h5 31. gxh5 gxh5 32. Rd5 Re5 33.
Rxe5 Kxe5 34. Ke3 b5 35. b3 a5 36. a4 bxa4 37. bxa4 Kd5 38. Kd3 Kc5 39. Kc2 Kc4
40. Kb2 Kc5 41. Kb3 Kd5 42. Kb2 Kc4 43. Kc2 Kc5 44. Kd3 Kd5 45. c4+ Kc5 46. Kc3
Kd6 47. Kd4 Kc6 48. c5 Kc7 49. Kd5 Kb7 50. Kd6 Kc8 51. Kc6 Kb8 52. Kd7 1-0

[Event "ODEM U25B 2012"]
[Site "Oberhof GER"]
[Date "2012.05.27"]
[Round "1"]
[White "Karge, Ole Jannes"]
[Black "Wheeler, Sebastian"]
[Result "0-1"]
[Termination "normal"]
[Board "8"]
[WhiteElo "1090"]
[BlackElo "1658"]
[PlyCount "56"]
[WhiteFideId "12957267"]
[BlackFideId "12923060"]
[EventCountry "GER"]
[EventRounds "9"]
[EventType "swiss"]
[EventDate "2012.05.26"]

1. e4 e5 2. Nf3 Nc6 3. d4 exd4 4. Nxd4 Bc5 5. Be3 Qf6 6. Bc4 Bxd4 7. Bxd4 Qxd4
8. Qxd4 Nxd4 9. c3 Nc2+ 10. Kd2 Nxa1 11. f4 Nf6 12. e5 Ne4+ 13. Ke3 Nc5 14. b4
Ne6 15. f5 Nd8 16. Na3 a6 17. f6 gxf6 18. exf6 b5 19. Bd5 c6 20. Bf3 a5 21.
Rxa1 axb4 22. Nb1 bxc3 23. Nxc3 Ra3 24. Re1 O-O 25. Kd3 b4 26. Rc1 Rxc3+ 27.
Rxc3 bxc3 28. Kxc3 d5 0-1

[Event "ODEM U25B 2012"]
[Site "Oberhof GER"]
[Date "2012.05.27"]
[Round "1"]
[White "von Reppert, Marc"]
[Black "Vuckovic, Robert"]
[Result "1-0"]
[Termination "normal"]
[Board "9"]
[WhiteElo "1468"]
[BlackElo "1081"]
[PlyCount "123"]
[WhiteFideId "12918130"]
[BlackFideId "12998680"]
[EventCountry "GER"]
[EventRounds "9"]
[EventType "swiss"]
[EventDate "2012.05.26"]

1. e4 e6 2. d4 d5 3. e5 c5 4. c3 Nc6 5. Nf3 Qb6 6. a3 cxd4 7. cxd4 Nge7 8. b4
Nf5 9. Bb2 Be7 10. Be2 O-O 11. O-O Bd7 12. Qd3 a6 13. Rd1 Na7 14. Qd2 Rac8 15.
Nc3 f6 16. Rac1 Nc6 17. Na4 Qa7 18. exf6 Bxf6 19. Nc5 Rfd8 20. Qf4 b6 21. Nxd7
Rxd7 22. b5 Nce7 23. Rxc8+ Nxc8 24. bxa6 Ncd6 25. Rc1 Rd8 26. Rc6 Ne4 27. Qc7
Ra8 28. Qb7 Ne7 29. Rxb6 h6 30. Ne5 Bxe5 31. dxe5 Nc8 32. Qxa7 Nxa7 33. Bd4 Nd2
34. Rb7 Rc8 35. h3 Rc1+ 36. Kh2 Nc6 37. a7 Nxa7 38. Rxa7 Ne4 39. f3 Ng5 40. Bd3
Rc8 41. a4 Nf7 42. a5 Nd8 43. Bb6 Nc6 44. Rc7 Rxc7 45. Bxc7 Kf7 46. a6 Ke7 47.
Bb8 Kd7 48. a7 Nxa7 49. Bxa7 g5 50. h4 gxh4 51. Kh3 Ke7 52. Kxh4 Kf7 53. Kh5
Kg7 54. Bg6 d4 55. Bxd4 Kg8 56. Kxh6 Kh8 57. f4 Kg8 58. f5 exf5 59. e6 Kf8 60.
Bc5+ Kg8 61. Bf7+ Kh8 62. Bd4# 1-0

[Event "ODEM U25B 2012"]
[Site "Oberhof GER"]
[Date "2012.05.27"]
[Round "1"]
[White "Koll, Linus"]
[Black "Pappert, Florian"]
[Result "0-1"]
[Termination "normal"]
[Board "10"]
[WhiteElo "1052"]
[BlackElo "1461"]
[PlyCount "176"]
[WhiteFideId "12990299"]
[EventCountry "GER"]
[EventRounds "9"]
[EventType "swiss"]
[EventDate "2012.05.26"]

1. e4 e5 2. Nf3 Nc6 3. Bc4 Bc5 4. Nc3 d6 5. h3 Nf6 6. d3 Be6 7. Bb3 Qe7 8. Be3
Bb6 9. Qe2 O-O 10. O-O Rad8 11. Rfe1 Rfe8 12. Rad1 Bxb3 13. axb3 d5 14. Bxb6
axb6 15. exd5 Nxd5 16. Qe4 Nf6 17. Qe2 Qd6 18. Nb5 Qd7 19. Nh2 Nd4 20. Nxd4
exd4 21. Qd2 c5 22. Rxe8+ Rxe8 23. Re1 Nd5 24. Rxe8+ Qxe8 25. Kf1 Kf8 26. Qe2
Qxe2+ 27. Kxe2 Ke7 28. Ng4 f6 29. Nh2 Nf4+ 30. Kf3 Nd5 31. Ke2 Ke6 32. Nf3 Nf4+
33. Kf1 Nd5 34. Ke2 b5 35. g3 b6 36. Nd2 Nb4 37. c4 dxc3 38. bxc3 Na2 39. c4 b4
40. Ke3 f5 41. d4 Nc3 42. d5+ Kf6 43. g4 g6 44. f4 b5 45. g5+ Ke7 46. Kd3 bxc4+
47. bxc4 Nd1 48. Ke2 Nc3+ 49. Kd3 Kd6 50. Nf3 Ne4 51. Ng1 b3 52. h4 Kc7 53. Ne2
Kb6 54. Ng1 Nf2+ 55. Kd2 Ne4+ 56. Kd3 Ka5 57. Nf3 Kb4 58. Nd2 Nxd2 59. Kxd2 Ka3
60. d6 b2 61. d7 b1=Q 62. d8=Q Qb2+ 63. Kd1 Qb3+ 64. Ke1 Qe3+ 65. Kd1 Qf3+ 66.
Kc1 Qc3+ 67. Kd1 Qf3+ 68. Ke1 Qe4+ 69. Kd1 Kb4 70. Qb6+ Kxc4 71. Qa6+ Kd4 72.
Qa4+ Ke3 73. Qa2 Qh1+ 74. Kc2 Qg2+ 75. Kb3 Qxa2+ 76. Kxa2 Kxf4 77. Kb2 Kg4 78.
Kc2 Kxh4 79. Kd3 Kxg5 80. Kc4 f4 81. Kd3 Kg4 82. Ke2 c4 83. Kf2 c3 84. Kg2 c2
85. Kf2 c1=Q 86. Ke2 Qc2+ 87. Ke1 Kf3 88. Kf1 Qf2# 0-1

[Event "ODEM U25B 2012"]
[Site "Oberhof GER"]
[Date "2012.05.27"]
[Round "1"]
[White "Arns, Alexander"]
[Black "Zyla, Lennert"]
[Result "1/2-1/2"]
[Termination "normal"]
[Board "11"]
[WhiteElo "1452"]
[BlackElo "1048"]
[PlyCount "120"]
[WhiteFideId "12944009"]
[BlackFideId "12981567"]
[EventCountry "GER"]
[EventRounds "9"]
[EventType "swiss"]
[EventDate "2012.05.26"]

1. c4 e5 2. d3 Nc6 3. g3 Nf6 4. Bg2 Bc5 5. Nf3 O-O 6. Nc3 h6 7. a3 a5 8. Rb1 d6
9. Bd2 Be6 10. O-O Qd7 11. Re1 Bh3 12. Bh1 Ng4 13. e3 Qf5 14. Ne4 Bb6 15. Nh4
Qd7 16. b4 Ne7 17. Bc1 Nf5 18. Nxf5 Qxf5 19. f3 Nf6 20. Nf2 Qh5 21. d4 exd4 22.
exd4 Bf5 23. Rb2 axb4 24. axb4 Rab8 25. Bg2 Qg6 26. Ra2 Bb1 27. Ra1 Bc2 28. Qd2
c6 29. c5 Bc7 30. Ra7 Rfe8 31. Rxe8+ Nxe8 32. Qe2 dxc5 33. dxc5 Bf5 34. Bd2 Qe6
35. Qd1 Nf6 36. f4 Nd5 37. g4 Bh7 38. f5 Qe5 39. h3 Qh2+ 40. Kf1 Bg3 41. Qe2
Kh8 42. Nd3 Nf4 43. Nxf4 Bxf4 44. Be1 Be5 45. Bf2 Qf4 46. Kg1 Qh2+ 47. Kf1 Qf4
48. Qe3 Qh2 49. Bg1 Qf4+ 50. Qxf4 Bxf4 51. Bf2 Bd2 52. Bg3 Re8 53. Rxb7 Bg8 54.
Bxc6 Rc8 55. Bd7 Ra8 56. b5 Ra1+ 57. Ke2 Ra2 58. Kf1 Ra1+ 59. Kg2 Ra2 60. Kf1
Ra1+ 1/2-1/2

[Event "ODEM U25B 2012"]
[Site "Oberhof GER"]
[Date "2012.05.27"]
[Round "1"]
[White "Dathe, Frederick"]
[Black "Gast, Benedikt"]
[Result "0-1"]
[Termination "normal"]
[Board "12"]
[WhiteElo "1036"]
[BlackElo "1860"]
[PlyCount "168"]
[WhiteFideId "12963070"]
[BlackFideId "12937967"]
[EventCountry "GER"]
[EventRounds "9"]
[EventType "swiss"]
[EventDate "2012.05.26"]

1. c4 e5 2. d3 Nc6 3. Nf3 d6 4. g3 Nge7 5. Bg2 g6 6. O-O Bg7 7. Nc3 O-O 8. Bd2
h6 9. Qc1 Kh7 10. a3 a5 11. Rb1 Be6 12. b4 axb4 13. axb4 Qc8 14. Nb5 Nf5 15.
Be3 Ra4 16. Bd2 Nfd4 17. Qd1 Ra8 18. Nbxd4 Nxd4 19. Nxd4 exd4 20. Ra1 Rxa1 21.
Qxa1 Bh3 22. Qa7 Bxg2 23. Kxg2 Re8 24. e3 dxe3 25. fxe3 Kg8 26. Qa2 Qa8 27. Qb3
b5+ 28. Kg1 Qa4 29. Qb1 bxc4 30. dxc4 Ra8 31. Qe4 Qe8 32. Qb7 Ra2 33. Bc1 Qd7
34. Qd5 c6 35. Qd3 d5 36. b5 cxb5 37. cxb5 Ra5 38. b6 Rb5 39. e4 d4 40. Rd1
Rxb6 41. Ba3 Qb5 42. Qxb5 Rxb5 43. Kf2 Kh7 44. Ke2 g5 45. Rd3 Kg6 46. Bc1 Rc5
47. Bd2 f5 48. Kf3 g4+ 49. Ke2 fxe4 50. Rb3 Rf5 51. Rb6+ Rf6 52. Rb4 Re6 53.
Bf4 Rc6 54. Kd2 e3+ 55. Kd3 Rc3+ 56. Ke2 Rc2+ 57. Kd3 Rc6 58. Bxe3 Rc3+ 59. Kd2
Rxe3 60. Rb5 Re5 61. Rb4 Rh5 62. Rb1 Rxh2+ 63. Kd3 Rg2 64. Rb6+ Bf6 65. Rb1
Rxg3+ 66. Ke2 Rf3 67. Rg1 h5 68. Kd2 d3 69. Rg2 Kf5 70. Rh2 h4 71. Ke1 g3 72.
Rd2 Bc3 73. Kd1 Bxd2 74. Kxd2 h3 75. Ke1 h2 76. Kd2 h1=Q 77. Kc3 Qc1+ 78. Kd4
Qc4+ 79. Kxc4 d2 80. Kb4 Ke5 81. Kc4 d1=Q 82. Kb4 Qc1 83. Kb5 Rb3+ 84. Ka4 Qa3#
0-1

[Event "ODEM U25B 2012"]
[Site "Oberhof GER"]
[Date "2012.05.27"]
[Round "1"]
[White "Bachmann, Jonas"]
[Black "Matuschak, Henry"]
[Result "1-0"]
[Termination "normal"]
[Board "13"]
[WhiteElo "1426"]
[BlackElo "1034"]
[PlyCount "63"]
[WhiteFideId "12922919"]
[EventCountry "GER"]
[EventRounds "9"]
[EventType "swiss"]
[EventDate "2012.05.26"]

1. e4 e5 2. Nf3 Nc6 3. d4 exd4 4. Bc4 Bc5 5. c3 dxc3 6. Bxf7+ Kxf7 7. Qd5+ Ke8
8. Qh5+ g6 9. Qxc5 d6 10. Qxc3 Nf6 11. Bg5 Rf8 12. Nbd2 Qe7 13. O-O Bg4 14.
Rfe1 Kd7 15. e5 dxe5 16. Nxe5+ Nxe5 17. Rxe5 Qf7 18. Qd4+ Kc8 19. Bxf6 Qxf6 20.
Re8+ Rxe8 21. Qxf6 Kd7 22. Qd4+ Kc8 23. Qxg4+ Kd8 24. Rd1 Re7 25. Qf4 Kd7 26.
Nc4+ Ke8 27. Qf6 Rd8 28. Qh8+ Kf7 29. Qxd8 Kf6 30. Re1 c6 31. Qxe7+ Kf5 32.
Qe5+ 1-0

[Event "ODEM U25B 2012"]
[Site "Oberhof GER"]
[Date "2012.05.27"]
[Round "1"]
[White "Weiten, Anna"]
[Black "Hoppe, Michael"]
[Result "0-0"]
[Termination "rules infraction"]
[Board "14"]
[WhiteElo "1008"]
[BlackElo "1426"]
[PlyCount "38"]
[WhiteFideId "12938203"]
[BlackFideId "12928747"]
[EventCountry "GER"]
[EventRounds "9"]
[EventType "swiss"]
[EventDate "2012.05.26"]

1. e4 Nc6 2. Nf3 d5 3. exd5 Qxd5 4. Nc3 Qh5 5. d4 Bg4 6. Be2 O-O-O 7. Bf4 Qa5
8. d5 Nf6 9. Bc4 e5 10. Bg5 e4 11. h3 Bh5 12. g4 exf3 13. gxh5 Ne5 14. Qd4 Nxc4
15. Qxc4 Rxd5 16. Bxf6 gxf6 17. Qxd5 Qxd5 18. Nxd5 Bg7 19. Rg1 19... Rg8 {
Nullung wegen Remis vor dem 20. Zug (Sofia-Regel) Wertung: 0:0} *

[Event "ODEM U25B 2012"]
[Site "Oberhof GER"]
[Date "2012.05.27"]
[Round "1"]
[White "Schmidt, Daniel"]
[Black "Schulze, Lara"]
[Result "1-0"]
[Termination "normal"]
[Board "15"]
[WhiteElo "1419"]
[BlackElo "994"]
[PlyCount "63"]
[WhiteFideId "12957950"]
[BlackFideId "12956830"]
[EventCountry "GER"]
[EventRounds "9"]
[EventType "swiss"]
[EventDate "2012.05.26"]

1. c4 c6 2. Nc3 d5 3. e3 Bf5 4. Nf3 e6 5. d4 Nf6 6. b3 Bb4 7. Bd2 O-O 8. Be2
Nbd7 9. O-O b6 10. a3 Bd6 11. Bc1 Ne4 12. Bb2 Ndf6 13. Bd3 Nxc3 14. Bxc3 Bxd3
15. Qxd3 Ne4 16. Bb2 Bc7 17. Rac1 Qd6 18. Rfd1 f5 19. Ne5 c5 20. cxd5 exd5 21.
dxc5 Nxc5 22. Qxd5+ Qxd5 23. Rxd5 Nxb3 24. Rxc7 Rad8 25. Rxd8 Rxd8 26. Rd7 Rc8
27. h4 h6 28. Ng6 Nd4 29. Bxd4 Rc1+ 30. Kh2 Rh1+ 31. Kxh1 b5 32. Rxg7# 1-0

[Event "ODEM U25B 2012"]
[Site "Oberhof GER"]
[Date "2012.05.27"]
[Round "1"]
[White "Mönster, Michel"]
[Black "Fischer, Maxi"]
[Result "0-1"]
[Termination "normal"]
[Board "16"]
[WhiteElo "988"]
[BlackElo "1418"]
[PlyCount "64"]
[WhiteFideId "12947164"]
[BlackFideId "24692395"]
[EventCountry "GER"]
[EventRounds "9"]
[EventType "swiss"]
[EventDate "2012.05.26"]

1. d4 d5 2. c4 e6 3. Nc3 Nf6 4. Nf3 Nc6 5. e3 b6 6. cxd5 Nxd5 7. Bb5 Bd7 8.
Nxd5 exd5 9. Qb3 Bb4+ 10. Bd2 Bxd2+ 11. Nxd2 Ne7 12. O-O c6 13. Bd3 O-O 14. Qc2
g6 15. e4 Kg7 16. e5 Rc8 17. f4 Nf5 18. g4 Ne3 19. Qc1 Nxf1 20. Qxf1 Bxg4 21.
f5 Qg5 22. f6+ Kg8 23. Nf3 Bxf3+ 24. Kf2 Qf4 25. Ke1 Qe3+ 26. Be2 Bxe2 27. Qxe2
Qg1+ 28. Qf1 Qxd4 29. Qe2 Rfe8 30. Qa6 Rxe5+ 31. Kf1 Qf4+ 32. Kg1 Rg5+ 0-1

[Event "ODEM U25B 2012"]
[Site "Oberhof GER"]
[Date "2012.05.27"]
[Round "1"]
[White "Eggert, André"]
[Black "Zebandt, Manuel"]
[Result "1/2-1/2"]
[Termination "normal"]
[Board "17"]
[WhiteElo "1517"]
[BlackElo "985"]
[PlyCount "58"]
[WhiteFideId "1270464"]
[EventCountry "GER"]
[EventRounds "9"]
[EventType "swiss"]
[EventDate "2012.05.26"]

1. c4 e5 2. Nc3 Nc6 3. g3 Nf6 4. Bg2 Bc5 5. Nf3 Ng4 6. Ne4 d6 7. Nxc5 dxc5 8.
d3 e4 9. Ng5 Qf6 10. Nxe4 Qf5 11. Bh3 Qh5 12. Bxg4 Qxg4 13. O-O Bf5 14. Nxc5 b6
15. Nb3 O-O-O 16. Bf4 Rhe8 17. e4 Qxd1 18. Raxd1 Bh3 19. Rfe1 Nb4 20. Rd2 Nxd3
21. Rb1 Rxe4 22. f3 Rxc4 23. Rbd1 Bf5 24. Nc1 Rcd4 25. Kf1 Bh3+ 26. Kg1 Bf5 27.
Kf1 Bh3+ 28. Kg1 Bf5 29. Kf1 Bh3+ 1/2-1/2

[Event "ODEM U25B 2012"]
[Site "Oberhof GER"]
[Date "2012.05.27"]
[Round "1"]
[White "Acikel, Mert"]
[Black "Naujoks, Max"]
[Result "0-1"]
[Termination "normal"]
[Board "18"]
[WhiteElo "970"]
[BlackElo "1398"]
[PlyCount "50"]
[WhiteFideId "12956465"]
[BlackFideId "12947318"]
[EventCountry "GER"]
[EventRounds "9"]
[EventType "swiss"]
[EventDate "2012.05.26"]

1. e4 d6 2. d4 c6 3. c4 g6 4. Nf3 Bg4 5. h3 Bxf3 6. Qxf3 Bg7 7. Be3 Nf6 8. Nc3
Nbd7 9. O-O-O Qc7 10. d5 c5 11. Be2 O-O 12. g4 Qa5 13. Kb1 Qb4 14. Kc2 Ne5 15.
Qg3 Nxc4 16. Bxc4 Qxc4 17. f3 a5 18. e5 dxe5 19. Qxe5 Nxg4 20. Qxe7 Bxc3 21. b3
Qe2+ 22. Rd2 Nxe3+ 23. Kc1 Qxf3 24. Re1 Nxd5 25. Qxf7+ Qxf7 0-1

[Event "ODEM U25B 2012"]
[Site "Oberhof GER"]
[Date "2012.05.27"]
[Round "1"]
[White "Gast, Antonia"]
[Black "Wiemann, Daniel"]
[Result "1-0"]
[Termination "normal"]
[Board "19"]
[WhiteElo "1395"]
[BlackElo "963"]
[PlyCount "45"]
[WhiteFideId "12929336"]
[BlackFideId "12942944"]
[EventCountry "GER"]
[EventRounds "9"]
[EventType "swiss"]
[EventDate "2012.05.26"]

1. c4 e5 2. Nc3 Nc6 3. g3 g6 4. Bg2 Bg7 5. e4 Nf6 6. Nge2 d6 7. d3 Bg4 8. h3
Bxe2 9. Nxe2 O-O 10. O-O Nd4 11. Be3 Nxe2+ 12. Qxe2 c5 13. Rab1 Ne8 14. Qd2 Nc7
15. f4 Qe7 16. f5 b6 17. Bh6 Bxh6 18. Qxh6 gxf5 19. exf5 Ne8 20. f6 Nxf6 21.
Rxf6 Rad8 22. Be4 Qxf6 23. Qxh7# 1-0

[Event "ODEM U25B 2012"]
[Site "Oberhof GER"]
[Date "2012.05.27"]
[Round "1"]
[White "Lang, Thomas"]
[Black "Greßmann, Hanna"]
[Result "0-1"]
[Termination "normal"]
[Board "20"]
[WhiteElo "945"]
[BlackElo "1393"]
[PlyCount "96"]
[WhiteFideId "12982520"]
[BlackFideId "12930709"]
[EventCountry "GER"]
[EventRounds "9"]
[EventType "swiss"]
[EventDate "2012.05.26"]

1. e4 e5 2. Nf3 Nc6 3. Bc4 Bc5 4. Nc3 d6 5. h3 Nf6 6. d3 h6 7. Nd5 Be6 8. Nxf6+
Qxf6 9. Bxe6 fxe6 10. Qe2 O-O-O 11. Be3 Nd4 12. Nxd4 exd4 13. Bd2 Rhf8 14. Rf1
e5 15. O-O-O d5 16. exd5 Rxd5 17. Qe4 Rfd8 18. Rde1 g5 19. c4 dxc3 20. Bxc3
Rxd3 21. Bxe5 Qb6 22. Qf5+ R3d7 23. Bf6 Rf8 24. Re6 Qb5 25. Ree1 b6 26. Rd1
Rff7 27. Rfe1 Be3+ 28. Rxe3 Qxf5 29. Re8+ Kb7 30. Rxd7 Rxd7 31. Bc3 Qf4+ 32.
Kc2 Qa4+ 33. b3 Qxa2+ 34. Bb2 Rd6 35. Re4 Rc6+ 36. Rc4 Rxc4+ 37. bxc4 Qxc4+ 38.
Kd2 a5 39. Ke3 Qb3+ 40. Ke4 Qxb2 41. Kd3 a4 42. g3 a3 43. f4 a2 44. fxg5 a1=R
45. gxh6 Ra4 46. h7 Qb3+ 47. Kd2 Ra2+ 48. Kc1 Qc2# 0-1

[Event "ODEM U25B 2012"]
[Site "Oberhof GER"]
[Date "2012.05.27"]
[Round "1"]
[White "Neumann, Tiemon"]
[Black "Kalina, Joshua"]
[Result "1-0"]
[Termination "normal"]
[Board "21"]
[WhiteElo "1750"]
[BlackElo "941"]
[PlyCount "53"]
[WhiteFideId "12925462"]
[EventCountry "GER"]
[EventRounds "9"]
[EventType "swiss"]
[EventDate "2012.05.26"]

1. e4 e5 2. Nf3 Nc6 3. Nc3 Nf6 4. d4 exd4 5. Nxd4 Bc5 6. Be3 O-O 7. Nxc6 bxc6
8. Bxc5 d6 9. Be3 Re8 10. Bd3 Bb7 11. O-O d5 12. exd5 cxd5 13. Bg5 h6 14. Bh4
Qd6 15. Qf3 Rab8 16. Bxf6 Qxf6 17. Qxf6 gxf6 18. Rfe1 Bc6 19. b3 d4 20. Be4 Bd7
21. Nd5 Kg7 22. Nxc7 Rbc8 23. Nxe8+ Rxe8 24. Rad1 d3 25. Bxd3 Rg8 26. Bh7 Kxh7
27. Rxd7 1-0

[Event "ODEM U25B 2012"]
[Site "Oberhof GER"]
[Date "2012.05.27"]
[Round "1"]
[White "Lilienthal, Niels Bennett"]
[Black "Hölzer, Jeanette"]
[Result "0-1"]
[Termination "normal"]
[Board "22"]
[WhiteElo "928"]
[BlackElo "1376"]
[PlyCount "64"]
[WhiteFideId "16205421"]
[BlackFideId "12917982"]
[EventCountry "GER"]
[EventRounds "9"]
[EventType "swiss"]
[EventDate "2012.05.26"]

1. c4 e5 2. Nc3 Nc6 3. d3 d6 4. Nf3 Be6 5. e4 Qd7 6. d4 Bg4 7. Be3 g6 8. d5
Nce7 9. h3 Bxf3 10. Qxf3 f5 11. b4 Bh6 12. Bxh6 Nxh6 13. c5 O-O 14. g4 fxe4 15.
Qxe4 Rf4 16. Qe3 Kg7 17. b5 Raf8 18. c6 bxc6 19. bxc6 Qd8 20. Rh2 Nc8 21. Rd1
Qh4 22. Rd2 Rf3 23. Qe4 Rxc3 24. Rg2 Rff3 25. Be2 Rxh3 26. g5 Qxe4 27. gxh6+
Rxh6 28. f3 Rxf3 29. Rd1 Qb4+ 30. Rd2 Rh1+ 31. Bf1 Rhxf1+ 32. Ke2 Qe4# 0-1

[Event "ODEM U25B 2012"]
[Site "Oberhof GER"]
[Date "2012.05.27"]
[Round "1"]
[White "Hageresch, Leon"]
[Black "Eggert, Daniela"]
[Result "1/2-1/2"]
[Termination "normal"]
[Board "23"]
[WhiteElo "1371"]
[BlackElo "927"]
[PlyCount "44"]
[WhiteFideId "12933899"]
[BlackFideId "12991490"]
[EventCountry "GER"]
[EventRounds "9"]
[EventType "swiss"]
[EventDate "2012.05.26"]

1. e4 e5 2. Nf3 Nc6 3. Bb5 a6 4. Ba4 Nf6 5. O-O b5 6. Bb3 Be7 7. Re1 d6 8. c3
O-O 9. d4 Bg4 10. d5 Na5 11. Nbd2 c6 12. dxc6 Nxc6 13. h3 Bh5 14. a4 b4 15.
cxb4 Nxb4 16. a5 Qc7 17. Nf1 Qc5 18. Ng3 Bg6 19. Nh4 Kh8 20. Nxg6+ fxg6 21. Be3
Qb5 22. Ba4 Qd3 1/2-1/2

[Event "ODEM U25B 2012"]
[Site "Oberhof GER"]
[Date "2012.05.27"]
[Round "1"]
[White "Paulweber, Lara"]
[Black "Schramm, Anna-Lena"]
[Result "1/2-1/2"]
[Termination "normal"]
[Board "24"]
[WhiteElo "902"]
[BlackElo "1359"]
[PlyCount "103"]
[WhiteFideId "12954411"]
[BlackFideId "12918237"]
[EventCountry "GER"]
[EventRounds "9"]
[EventType "swiss"]
[EventDate "2012.05.26"]

1. d4 d5 2. Bf4 Nf6 3. Nf3 Nc6 4. e3 Bg4 5. h3 Bh5 6. Nbd2 e6 7. Bd3 Bd6 8. Bg3
O-O 9. c3 Re8 10. Qc2 Bg6 11. Bxg6 fxg6 12. Ne5 Nd7 13. Nxc6 bxc6 14. Bxd6 cxd6
15. h4 Nf6 16. Ke2 Qe7 17. Rag1 Qf7 18. g4 Rf8 19. Rg2 e5 20. f3 e4 21. fxe4
Nxe4 22. Nxe4 Qf3+ 23. Ke1 Qxe3+ 24. Re2 Qf3 25. Rg1 dxe4 26. Qxe4 Qh3 27. Qh1
Qd3 28. Qe4 Qh3 29. Qh1 Qd3 30. Qe4 Qc4 31. Qe6+ Qxe6 32. Rxe6 Rab8 33. Rg2
Rbd8 34. Rf2 c5 35. Rxf8+ Kxf8 36. dxc5 dxc5 37. Re2 Rd7 38. Rf2+ Ke7 39. Re2+
Kf6 40. Rd2 Re7+ 41. Re2 Rc7 42. Kd1 g5 43. h5 Rd7+ 44. Rd2 Rc7 45. Rf2+ Ke6
46. Rf5 h6 47. Kc2 Kd6 48. Kb3 Rb7+ 49. Kc2 Re7 50. Kd3 Kc6 51. a3 a5 52. Rf2
1/2-1/2